World Capitals by Country Letter Quiz Stats

 Plays Quiz Updated Dec 23, 2013

Challenge
Share
Tweet
Embed
Score 0/24 Timer 05:00
0 Plays Today
Country starts with... World Capital % Correct
FParis...
94.7%
ULondon...
94%
COttawa...
93.6%
IReykjavik...
93.5%
SSeoul...
92.3%
GBerlin...
91.6%
ABuenos Aires...
91.3%
BNassau...
89.9%
PWarsaw...
89.8%
NWellington...
89.1%
JTokyo...
87.4%
MMexico City...
86%
Country starts with... World Capital % Correct
DCopenhagen...
85.4%
EQuito...
83.6%
RBucharest...
83.1%
HBudapest...
78.4%
LTripoli...
77.9%
VCaracas...
76.9%
TBangkok...
76.8%
KNairobi...
69%
QDoha
49.1%
ZHarare...
48.8%
OMuscat
46.5%
YSana'a
44.5%

You're not logged in!

Compare scores with friends on all Sporcle quizzes.
OR
Log In

You Might Also Like...

Show Comments

Extras

Top Quizzes Today


Score Distribution

Your Account Isn't Verified!

In order to create a playlist on Sporcle, you need to verify the email address you used during registration. Go to your Sporcle Settings to finish the process.

Report this User

Report this user for behavior that violates our Community Guidelines.

Details: